000 01035nam a2200289 a 4500
001 32711
003 BD-RjUL
005 20211209051901.0
008 190108r19691964mau 001 0 eng d
035 _a(BD-RjUL)32801
040 _aDLC
_cODaWU
_dUk
_dDLC
_dBD-RjUL
_beng
041 _aeng
082 0 4 _a297.6
_bNAT 1964-1969
_223
100 1 _aNasr, Seyyed Hossein
_952701
245 1 0 _aThree Muslim sages :
_b Avicenna - Suhrawardī - Ibn ʻArabī /
_cSeyyed Hossein Nasr
260 _aCambridge, Massachusetts :
_bHarvard University Press,
_cc1964 [Printing 1969]
300 _a185 p. ;
_c24 cm.
504 _aIncludes bibliography and index.
600 0 0 _aAvicenna,
_d980-1037.
_9226721
600 1 0 _aSuhrawardī, Yaḥyá ibn Ḥabash,
_d1152 or 1153-1191.
_9226722
600 0 0 _aIbn al-ʻArabī,
_d1165-1240.
_9226723
650 0 _aMuslim scholars
_vBiography.
_952705
830 _aHarvard studies in world religions
_9226720
942 _2ddc
_cBK
999 _c32711
_d32711